The encyclopedia of management
Guardat en:
| Format: | Llibre |
|---|---|
| Idioma: | Undetermined |
| Publicat: |
New York
Van Nostrand Reinhold Company
1982
|
| Matèries: | |
| Etiquetes: |
Afegir etiqueta
Sense etiquetes, Sigues el primer a etiquetar aquest registre!
|
| Thư viện lưu trữ: | Trung tâm Học liệu Trường Đại học Cần Thơ |
|---|
| LEADER | 00590nam a2200193Ia 4500 | ||
|---|---|---|---|
| 001 | CTU_104667 | ||
| 008 | 210402s9999 xx 000 0 und d | ||
| 020 | |c 39.91 | ||
| 082 | |a 658.003 | ||
| 082 | |b E56 | ||
| 245 | 4 | |a The encyclopedia of management | |
| 245 | 0 | |c edited by Carl Heyel | |
| 260 | |a New York | ||
| 260 | |b Van Nostrand Reinhold Company | ||
| 260 | |c 1982 | ||
| 650 | |a Industrial management,Management,Quản lý công nghiệp | ||
| 650 | |x Dictionaries,encyclopedia,Từ điển | ||
| 904 | |i Nguyên | ||
| 980 | |a Trung tâm Học liệu Trường Đại học Cần Thơ | ||